Návrh riešenia pre zefektívnenie fungovania podnikovej logistiky v rámci oddelenia Prolink, spoločnosti Forbo Siegling s. r. o.
Salvato in:
| Autore principale: | |
|---|---|
| Altri autori: | |
| Natura: | Manoscritto Libro |
| Lingua: | slovacco |
| Pubblicazione: |
2023
|
| Soggetti: | |
| Accesso online: | http://is.stuba.sk/zp/portal_zp.pl?podrobnosti=170490 |
| Tags: |
Nessun Tag, puoi essere il primo ad aggiungerne!!
|
MARC
| LEADER | 00000ntm a22000003a 4500 | ||
|---|---|---|---|
| 001 | stuzp93118 | ||
| 003 | SK-STU | ||
| 005 | 20230909214050.8 | ||
| 007 | ta | ||
| 008 | 150427s2015----xo-----f-mn---000-0-slo-d | ||
| 040 | |a STU |b slo | ||
| 041 | 0 | |a slo | |
| 100 | 1 | |a Jankovič, Radoslav |u 064000 |4 aut |U MTF Materiálovotechnologická fakulta |T MTF Ústav priemyselného inžinierstva a manažmentu |X 99654 |U M4000 |Y 84 |7 99654 | |
| 242 | 0 | 1 | |a The Solution Proposal for the Efficiency Improvement of Business Logistics within Prolink Department in Forbo Siegling s. r. o. |y eng |
| 245 | 1 | 0 | |a Návrh riešenia pre zefektívnenie fungovania podnikovej logistiky v rámci oddelenia Prolink, spoločnosti Forbo Siegling s. r. o. |
| 260 | |c 2023 | ||
| 650 | 4 | |a logistika |2 slo | |
| 650 | 4 | |a opatrenia |2 slo | |
| 650 | 4 | |a podniková logistika |2 slo | |
| 650 | 4 | |a podnik |2 slo | |
| 650 | 4 | |a riadenie |2 slo | |
| 650 | 4 | |a analýza |2 slo | |
| 650 | 4 | |a návrhy |2 slo | |
| 650 | 4 | |a informačný systém |2 slo | |
| 650 | 4 | |a logistics |2 eng | |
| 650 | 4 | |a measures |2 eng | |
| 650 | 4 | |a business logistics |2 eng | |
| 650 | 4 | |a business |2 eng | |
| 650 | 4 | |a management |2 eng | |
| 650 | 4 | |a analysis |2 eng | |
| 650 | 4 | |a proposals |2 eng | |
| 650 | 4 | |a information system |2 eng | |
| 700 | 1 | |a Makyšová, Helena |u 064000 |k Z1 |4 ths |U MTF Materiálovotechnologická fakulta |T MTF Ústav priemyselného inžinierstva a manažmentu |X 2772 |U M4000 |Y 84 |7 A000002772 | |
| 856 | 4 | |u http://is.stuba.sk/zp/portal_zp.pl?podrobnosti=170490 | |
| 996 | |c M* DP-15139 |l MMSKP |s P |a 0 |w stuzp93118_0001 | ||